LEADER 01014nam0-2200349---450- 001 990008725530403321 005 20111125135245.0 010 $a978-0-19-927280-8 035 $a000872553 035 $aFED01000872553 035 $a(Aleph)000872553FED01 035 $a000872553 100 $a20081006d2004----km-y0itay50------ba 101 0 $aeng 102 $aGB 105 $aa-------001yy 200 1 $a<>Cold war$ea history in documents and eyewitness accounts$f[edited by] Jussi Hanhimaki and Odd Arne Westad 210 $aOxford$cOxford university press$d2004 215 $aXVII, 694 p.$cill.$d24 cm 610 0 $aGuerra fredda 676 $a327.09049$v19$zita 702 1$aWestad,$bOdd Arne 702 1$aHanhimaki,$bJussi M. 801 0$aIT$bUNINA$gRICA$2UNIMARC 901 $aBK 912 $a990008725530403321 952 $aII F 153$b43501$fFSPBC 952 $aII F 295$b48153$fFSPBC 952 $aII F 296$b48154$fFSPBC 959 $aFSPBC 996 $aCold War$9255307 997 $aUNINA LEADER 02034nam 2200337 n 450 001 996396203503316 005 20221108102029.0 035 $a(CKB)4330000000354661 035 $a(EEBO)2248514042 035 $a(UnM)99844251 035 $a(EXLCZ)994330000000354661 100 $a19910820d1637 uy | 101 0 $aeng 135 $aurbn||||a|bb| 200 02$aA true and experimentall discourse, upon the beginning, proceeding, and victorious event of this last siege of Breda$b[electronic resource] $eWith the antiquity and annexing of it, to the house of Nassaw, and the many alterations it hath suffered by armes, and armies, within these threescore yeares. Together with the prudent plots, projects, and policies of warre: the assailants and defendants matchlesse man-hood, in managing martiall affaires: the misery and manner of souldiers living, their pinching want, and fatall accidents: strange weapons and instruments used by both parties in severall conflicts. Lastly, their concluded articles, with circumstances and ordering of the siege and victory. Being pleasant to peruse, and profitable to observe. Written by him who was an eye witnesse of the siege. William Lithgow 210 $aLondon $cPrinted by I. Okes for I. Rothwel, and are to be sold at his shop in Pauls Church-yard at the signe of the Sunne$d1637 215 $a[8], 55, [1] p 300 $aThe first leaf is blank. 300 $aRunning title reads: A true experimentall discourse upon the happy recovery of Breda. 300 $aReproduction of the original in the British Library. 330 $aeebo-0018 607 $aBreda (Netherlands)$xHistory$xSiege, 1624-1625$vEarly works to 1800 700 $aLithgow$b William$f1582-1645?$01001006 801 0$bCu-RivES 801 1$bCu-RivES 801 2$bCStRLIN 801 2$bWaOLN 906 $aBOOK 912 $a996396203503316 996 $aA true and experimentall discourse, upon the beginning, proceeding, and victorious event of this last siege of Breda$92373864 997 $aUNISA